| 000 | 00751nam a2200217 a 4500 | ||
|---|---|---|---|
| 001 | 000047877 | ||
| 005 | 20201002060803.0 | ||
| 008 | 181001s2018 dr 000 0 spa d | ||
| 020 | _a9789945503289 | ||
| 040 |
_aDO-SdBNP _bspa _cBNPHU |
||
| 082 |
_aG861.08 _bQ58c |
||
| 245 | 1 | 3 |
_aEl quetzal, colibrí gigante : _bantología de poesía guatemalteca / _cselección y notas de Enrique Noriega. |
| 260 |
_aSanto Domingo : _bEditora Nacinal, _c2018. |
||
| 300 |
_a461 p. ; _c25 cm. |
||
| 490 | 1 |
_aHomenaje ; _apoesía |
|
| 590 | _aInventariado, 2018/VM | ||
| 650 | 4 |
_aPoesía guatemalteca _vCOLECCIONES _975440 |
|
| 650 | 4 |
_aLiteratura guatemalteca _vCOLECCIONES _975441 |
|
| 700 | 1 |
_aNoriega, Enrique _esel. _975442 |
|
| 830 | 0 | 0 |
_aHomenaje ; _ppoesía _975443 |
| 999 |
_c47365 _d47365 |
||